Políticas de reestructuración económica y conflictos ambientales. Una propuesta de análisis territorial /

Para el autor, es útil revisar en forma cronológica principalmente el surgimiento y la evolución histórico - intelectual del desarrollo y del debate sobre el desarrollo, haciendo ocasiones referencias al análisis de los procesos sociales reales que subyacían y subyacen a las ideas y las determinaban...

Celý popis

Uloženo v:
Podrobná bibliografie
Hlavní autor: Carrillo, Marianela
Korporativní autor: Universidad Central de Venezuela. Centro de Estudios del Desarrollo
Médium: Text
Jazyk:Spanish
Vydáno: Caracas: CENDES
Témata:
Tagy: Přidat tag
Žádné tagy, Buďte první, kdo vytvoří štítek k tomuto záznamu!

MARC

LEADER 00000 a a2200000 04500
001 34154
003 cru IIS
005 20230418142515.0
008 230418b |||||||| |||| 00| 0 spa d
020 |a 980-6708-12-1  
040 |c CRAI/IIS 
090 |a VE0003 C397v  
100 |9 11132  |a Carrillo, Marianela 
110 |a Universidad Central de Venezuela. Centro de Estudios del Desarrollo  
245 |a Políticas de reestructuración económica y conflictos ambientales.  |b Una propuesta de análisis territorial /  |c Marianela Carrillo 
260 |a Caracas:   |b CENDES  
300 |a 293-317p. 
500 |a CIDCACS contiene tomo I y II  
520 |a Para el autor, es útil revisar en forma cronológica principalmente el surgimiento y la evolución histórico - intelectual del desarrollo y del debate sobre el desarrollo, haciendo ocasiones referencias al análisis de los procesos sociales reales que subyacían y subyacen a las ideas y las determinaban y determinan. Esta postura, epistemológicamente muy cercano a Lukacs y otros pensadores de la ciencia social histórico-crítica, que la realidad social es una totalidad que no puede analizarse al encerrar sus distintos elementos y partes integrantes en una suerte de "casillas": historia, economía, política, la estructura de estratificación social, cultural, ciencia, esto es: las que son llamadas "disciplinas" en la academia  
650 |a DESARROLLO ECONOMICO  
650 |a CAPITALISMO  
650 |a HISTORIA  
650 |a TEORIA  
650 |a GLOBALIZACION  
650 |a AMERICA LATINA  
942 |2 ddc  |c LI 
999 |c 15265  |d 15265 
773 0 |0 8766  |9 8654  |a Universidad Central de Venezuela. Centro de Estudios del Desarrollo   |d Caracas: CENDES 2005  |o 00793  |t Venezuela visión plural: una mirada desde el CENDES /  |w (cru CIDCAS/IIS)34156  |z 980-6708-12-1